[Event "Aschach op"]
[Site "Aschach"]
[Date "1994.??.??"]
[Round "?"]
[White "Kaiser, Wolfgang"]
[Black "Waldmann, Gerald"]
[Result "1-0"]
[WhiteElo "2355"]
[BlackElo "2200"]

1.Nf3 d5 2.g3 c6 3.Bg2 Bg4 4.d3 Nf6 5.Nbd2 Nbd7 6.O-O e6 7.b3 Bc5 8.Bb2 O-O
9.a3 a5 10.Qe1 Qc7 11.e4 dxe4 12.dxe4 e5 13.Nc4 Bxf3 14.Bxf3 Rfe8 15.Bc3 a4
16.b4 Bf8 17.Bg2 g6 18.Qe2 Rad8 19.Rad1 b5 20.Ne3 Bg7 21.Ba1 Nf8 22.c4 Rxd1
23.Rxd1 Qb8 24.cxb5 cxb5 25.Bf1 Nxe4 26.Qxb5 Ne6 27.Qxa4 Nd4 28.Nc2 Nf3+
29.Kg2 Ned2 30.Bb5 Re6 31.Bc6 e4 32.Qa8 Qxa8 33.Bxa8 Bxa1 34.Rxa1 Nb3 35.Rd1 Nfd2
36.b5 Rb6 37.a4 Kg7 38.Na1 f5 39.Nxb3 Nxb3 40.Rd7+ Kh6 41.Bc6 Rb8 42.h4 Nc5
43.Ra7 Rd8 44.b6 Rd2 45.b7  1-0

[Event "AUT-chT2W 9495"]
[Site "Austria"]
[Date "1994.??.??"]
[Round "?.6"]
[White "Lochner, Herbert"]
[Black "Tschedemnig, Herbert"]
[Result "0-1"]
[WhiteElo "1850"]
[BlackElo "1900"]

1.Nf3 d5 2.g3 c5 3.Bg2 Nc6 4.O-O Nf6 5.d3 Bg4 6.h3 Bh5 7.b3 e6 8.Nbd2 Be7
9.Bb2 O-O 10.Re1 Rc8 11.c4 d4 12.a3 a5 13.Qc2 h6 14.Rad1 Qc7 15.Nf1 Nd7 16.Qd2 Rcd8
17.g4 Bg6 18.b4 axb4 19.axb4 Nxb4 20.Ba3 Nc6 21.Rb1 b6 22.Rb3 Ra8 23.Bb2 Ra2
24.Rb1 Na5 25.Ra3 Nxc4  0-1

[Event "AUT-chT2W 9495"]
[Site "Austria"]
[Date "1994.??.??"]
[Round "?.1"]
[White "Schweizer, Manfred"]
[Black "Donev, Ivo Hristov"]
[Result "0-1"]
[WhiteElo "2190"]
[BlackElo "2405"]

1.Nf3 d5 2.g3 Nf6 3.Bg2 Nc6 4.d3 e5 5.O-O Be7 6.Nc3 O-O 7.Bg5 Be6 8.e4 dxe4
9.dxe4 h6 10.Bxf6 Bxf6 11.Nd5 Be7 12.Qd2 Bd6 13.Nh4 Ne7 14.Ne3 Bc5 15.Qe2 Bxe3
16.Qxe3 c6 17.Qc5 Qc7 18.Rfd1 a5 19.Nf3 Ng6 20.h4 Bg4 21.Rd6 Rfd8 22.Rad1 Rxd6
23.Rxd6 a4 24.Rd3 Ra5 25.Qc3 Nf8 26.Nd2 Be6 27.Nc4 Rc5 28.b3 b5 29.Qa5 Qxa5
30.Nxa5 Rxc2 31.bxa4 bxa4 32.Ra3 Rxa2 33.Rxa2 Bxa2 34.Nxc6 a3 35.Bf1 Be6
36.Nb4 Bb3 37.Bd3 a2 38.Nxa2 Bxa2 39.Bc2  0-1

[Event "AUT-chT2W 9495"]
[Site "Austria"]
[Date "1994.??.??"]
[Round "?.2"]
[White "Heilinger, Dietmar"]
[Black "Riener, Wolfram"]
[Result "1/2-1/2"]
[WhiteElo "2065"]
[BlackElo "1910"]

1.Nf3 d5 2.g3 Nf6 3.Bg2 g6 4.b3 Bg7 5.Bb2 O-O 6.c4 c6 7.d3 dxc4 8.bxc4 Qb6
9.Qb3 Ng4 10.Qxb6 axb6 11.Bxg7 Kxg7 12.O-O Nd7 13.Nc3 Nc5 14.a4 Rd8 15.Rfb1 Ra6
16.Ra2 Bf5 17.h3 Nf6 18.g4 Bc8 19.Rd1 Ne6 20.d4 Nf4 21.Bf1 h5 22.g5 Ne8 23.Kh2  1/2-1/2

[Event "AUT-chT2W 9495"]
[Site "Austria"]
[Date "1994.??.??"]
[Round "?.6"]
[White "Schweizer, Manfred"]
[Black "Kogler, H."]
[Result "1-0"]
[WhiteElo "2190"]
[BlackElo "1910"]

1.Nf3 d5 2.g3 Nf6 3.Bg2 c6 4.O-O Bg4 5.Ne5 Bh5 6.b3 Nbd7 7.Bb2 Nxe5 8.Bxe5 e6
9.d3 Be7 10.Nd2 O-O 11.Bf3 Bg6 12.e4 Nd7 13.Bb2 Bf6 14.d4 dxe4 15.Nxe4 Be7
16.c4 Nf6 17.Nc3 Qb6 18.Na4 Qc7 19.Qe2 Rad8 20.Rfd1 Rfe8 21.Rac1 Qb8 22.h4 h6
23.Nc5 e5 24.h5 Bh7 25.Ne4 Bxe4 26.Bxe4 exd4 27.Rxd4 Rxd4 28.Bxd4 Nxe4 29.Qxe4 Bg5
30.Qg4 f5 31.Qxf5 Bxc1 32.Bxg7 Qc8 33.Qg6 Qe6 34.Bf6+  1-0

[Event "AUT-ch"]
[Site "Austria"]
[Date "1994.??.??"]
[Round "1"]
[White "Pilz, Dieter"]
[Black "Hoelzl, Franz"]
[Result "1-0"]
[WhiteElo "2230"]
[BlackElo "2370"]

1.Nf3 d5 2.g3 Nc6 3.Bg2 e5 4.d3 g6 5.O-O Bg7 6.e4 Nge7 7.Nc3 d4 8.Ne2 Bg4
9.h3 Bd7 10.c3 O-O 11.cxd4 Nxd4 12.Nfxd4 exd4 13.Bg5 h6 14.Bd2 Qc8 15.Kh2 c5
16.Rc1 b6 17.b4 Bb5 18.bxc5 Bxd3 19.Bb4 Qa6 20.Re1 Nc6 21.a3 Bxe2 22.Rxe2 Rac8
23.e5 Nxe5 24.c6 Nd3 25.Bxf8 Nxc1 26.Rd2 Kxf8 27.Qxc1 Rc7 28.Ra2 Qa5 29.Re2 Qg5
30.Qe1 Bf6 31.Re8+ Kg7 32.h4 Qc5 33.Qd2 Re7 34.Rc8 Qxa3 35.h5 gxh5 36.Qf4 Qc5
37.Qb8 Qe5 38.c7 Kh7 39.Rh8+ Bxh8 40.c8=Q Qxb8 41.Qxb8 h4 42.Qf8 hxg3+ 43.fxg3 Bf6
44.Be4+  1-0

[Event "AUT-ch"]
[Site "Austria"]
[Date "1994.??.??"]
[Round "5"]
[White "Pilz, Dieter"]
[Black "Sommerbauer, Norbert"]
[Result "1/2-1/2"]
[WhiteElo "2230"]
[BlackElo "2365"]

1.Nf3 d5 2.g3 Nf6 3.Bg2 c6 4.O-O Bg4 5.d3 Nbd7 6.Nbd2 e5 7.e4 Bd6 8.h3 Bh5
9.Qe1 O-O 10.Nh4 Re8 11.Nf5 Bf8 12.g4 Bg6 13.Qe2 Nc5 14.Re1 dxe4 15.dxe4 Ne6
16.Nf3 Qc7 17.c3 Nd7 18.Ng5 Nf4 19.Qc2 Nc5 20.Bf1 b5 21.Be3 f6 22.Nf3 a5
23.Rad1 Kh8 24.Rd2 a4  1/2-1/2

[Event "AUT-ch"]
[Site "Austria"]
[Date "1994.??.??"]
[Round "6"]
[White "Eisterer, Heinrich"]
[Black "Steiner, Bruno"]
[Result "1-0"]
[WhiteElo "2350"]
[BlackElo "2220"]

1.Nf3 d5 2.g3 c6 3.Bg2 Nf6 4.b3 Bg4 5.Bb2 Nbd7 6.O-O Bxf3 7.Bxf3 e6 8.c4 Bc5
9.Na3 h5 10.Nc2 h4 11.d4 Bd6 12.Qd3 Qc7 13.c5 Be7 14.b4 g6 15.a4 Bf8 16.b5 Bg7
17.Rfe1 hxg3 18.hxg3 O-O 19.Rab1 Rfe8 20.e4 e5 21.exd5 cxd5 22.dxe5 Nxc5
23.Qd1 Nfe4 24.Ne3 Rad8 25.Nxd5 Rxd5 26.Qxd5 Rd8 27.Qc4 Nd2 28.Qe2 Nxb1 29.Rxb1 Nd3
30.Rd1 Nxb2 31.Rxd8+ Qxd8 32.Qxb2 Qc7 33.Qe2 Qxe5 34.Qxe5 Bxe5 35.Bxb7 g5
36.Kf1 Kf8 37.Ke2 Ke7 38.Kd3 Bc7 39.Ke4 f6 40.Kd5 Ba5 41.Kc6 Bd8 42.Bc8 Bb6
43.f3 Bf2 44.Kb7 Kd6 45.a5  1-0

[Event "AUT-ch"]
[Site "Austria"]
[Date "1994.??.??"]
[Round "7"]
[White "Bonstingl, Georg"]
[Black "Hoelzl, Franz"]
[Result "1-0"]
[WhiteElo "2225"]
[BlackElo "2370"]

1.Nf3 d5 2.g3 g6 3.Bg2 Bg7 4.d4 Nf6 5.O-O O-O 6.Nbd2 b6 7.c3 Bb7 8.e4 e6
9.e5 Nfd7 10.Re1 c5 11.Nf1 Qc7 12.Bg5 Rc8 13.Rc1 Ba6 14.Qd2 Nc6 15.Bh6 Bxf1
16.Bxf1 c4 17.h4 b5 18.Nh2 Bh8 19.Bh3 b4 20.Nf3 bxc3 21.bxc3 Rab8 22.Ng5 Re8
23.Re3 Rb7 24.Rf3 Ndxe5 25.dxe5 Nxe5 26.Re3 Nd3 27.Rxd3 cxd3 28.Qxd3 Rb2
29.Qf3 Rxa2 30.Nxe6 Qc4 31.Ng5 f5 32.Bf1 Qc5 33.Nh3 Ra3 34.Bg2 Re4 35.Qd1 Rxc3
36.Rxc3 Bxc3 37.Bxe4 fxe4 38.Qa4 Qc8 39.Qxa7 Qxh3 40.Qb8+ Kf7 41.Qc7+ Ke8
42.Qxc3 Qe6 43.Qh8+ Kd7 44.Qxh7+ Kc6  1-0

[Event "AUT-ch"]
[Site "Austria"]
[Date "1994.??.??"]
[Round "7"]
[White "Rockenschaub, Manfred"]
[Black "Vodep, Otto"]
[Result "1/2-1/2"]
[WhiteElo "2280"]
[BlackElo "2205"]

1.Nf3 d5 2.g3 e6 3.Bg2 g6 4.O-O Bg7 5.d3 Ne7 6.c3 O-O 7.Nbd2 b6 8.Re1 Ba6
9.Qc2 c5 10.h4 Nbc6 11.h5 Rc8 12.hxg6 hxg6 13.Ng5 Nf5 14.Ndf3 d4 15.c4 Bb7
16.a3 Qd7 17.Ne4 Nd6 18.Nfg5 Nxe4 19.Bxe4 Ne5 20.Bxb7 Qxb7 21.Qd2 Bh6 22.Qf4 Bxg5
23.Qxe5 Bxc1 24.Rexc1 Rce8 25.b4 f6 26.Qd6 Kf7 27.bxc5 Rd8 28.Qf4 e5 29.Qf3 Qxf3
30.exf3 bxc5 31.Rab1 Rd7 32.Rb5 Rc8 33.Rcb1 Ke6 34.a4 Rh7 35.Kf1 Rh1+ 36.Ke2 Rxb1
37.Rxb1 Rc7 38.a5  1/2-1/2

[Event "AUT-ch"]
[Site "Austria"]
[Date "1994.??.??"]
[Round "9"]
[White "Kraschl, Joerg"]
[Black "Hoelzl, Franz"]
[Result "1/2-1/2"]
[WhiteElo "2210"]
[BlackElo "2370"]

1.Nf3 d5 2.g3 Nf6 3.Bg2 c5 4.O-O g6 5.d3 Bg7 6.Nbd2 O-O 7.e4 Nc6 8.c3 e6
9.Re1 Re8 10.Qe2 b6 11.Nf1 c4 12.dxc4  1/2-1/2

[Event "AUT-chT"]
[Site "?"]
[Date "1994.??.??"]
[Round "?"]
[White "Steiner, Guenter"]
[Black "Sommerbauer, Norbert"]
[Result "0-1"]
[WhiteElo "2245"]
[BlackElo "2335"]

1.Nf3 d5 2.g3 Nf6 3.Bg2 c6 4.b3 Bg4 5.Bb2 Nbd7 6.d3 e6 7.c4 Bd6 8.O-O O-O
9.Qc2 Qe7 10.Nbd2 Ba3 11.Rfe1 Rfe8 12.h3 Bh5 13.Rab1 Bxb2 14.Qxb2 Bxf3 15.Bxf3 e5
16.Bg2 Qd6 17.Rbc1 Rac8 18.Rc2 e4 19.dxe4 dxe4 20.Nf1 e3 21.Nxe3 Rxe3 22.fxe3 Qxg3
23.Qc1 Ne4 24.Rd1 Ndf6 25.Rd4 c5 26.Rd3 Nf2 27.Qe1 Nxh3+ 28.Kf1 Qh2 29.Bxh3 Qh1+
30.Kf2 Ne4+  0-1

[Event "AUT-chT"]
[Site "?"]
[Date "1994.??.??"]
[Round "?"]
[White "Frosch, Erich"]
[Black "Baumegger, Siegfried"]
[Result "1/2-1/2"]
[WhiteElo "2240"]
[BlackElo "2260"]

1.Nf3 d5 2.g3 c6 3.Bg2 Bg4 4.O-O Nd7 5.d4 e6 6.Nc3 Ngf6 7.a4 Bd6 8.Qe1 Bf5
9.Qd1 h6 10.Nd2 e5 11.dxe5 Bxe5 12.e4 Bg4 13.Qe1 O-O 14.f3 Be6 15.Nb3 dxe4
16.Nxe4 Bc4 17.Rf2 Bxb3 18.cxb3 Bd4 19.Be3 Nxe4 20.fxe4 Ne5 21.Rd2 Bxe3+
22.Qxe3 Qa5 23.Rad1 Ng4 24.Qf3 Qb6+ 25.Kh1 Ne5 26.Qc3 Rfe8 27.h3 f6 28.b4 Rad8
29.a5 Qc7 30.b5 Rxd2 31.Rxd2 Rd8 32.Rxd8+ Qxd8 33.a6 bxa6 34.bxc6 Qc7 35.Bf1 Qxc6
36.Qxc6 Nxc6 37.Bxa6 Kf8 38.Kg2 Ke7 39.Kf3 Ne5+ 40.Kf4 g6 41.h4 Ke6 42.Bc8+  1/2-1/2

[Event "AUT-chT2S 9394"]
[Site "AUT"]
[Date "1994.??.??"]
[Round "?"]
[White "Detter, Peter"]
[Black "Kastner, Walter"]
[Result "1/2-1/2"]
[WhiteElo "2110"]
[BlackElo "2205"]

1.g3 d5 2.Nf3 g6 3.c4 c6 4.cxd5 cxd5 5.d4 Bg7 6.Bg2 Nf6 7.Nc3 O-O 8.O-O Nc6
9.Ne5 e6 10.f4 Nd7 11.Nxc6  1/2-1/2

[Event "AUT-chT2S 9394"]
[Site "AUT"]
[Date "1994.??.??"]
[Round "?"]
[White "Braeuer, G."]
[Black "Waldmann, Gerald"]
[Result "1/2-1/2"]
[WhiteElo "2050"]
[BlackElo "2060"]

1.Nf3 d5 2.g3 c6 3.Bg2 Bg4 4.O-O Nd7 5.h3 Bxf3 6.exf3 Ngf6 7.d3 e6 8.Nd2 Bd6
9.f4 Qb6 10.Nf3 O-O 11.a4 a5 12.b3 e5 13.fxe5 Nxe5 14.Be3 Qc7 15.Bd4 Rfe8
16.Re1 Nfd7 17.Nxe5 Nxe5 18.Qh5 Re6 19.Re3 g6 20.Qh6 Bf8  1/2-1/2

[Event "AUT-chT2S 9394"]
[Site "AUT"]
[Date "1994.??.??"]
[Round "?"]
[White "Ebner, Walter"]
[Black "Figler, D."]
[Result "1-0"]
[WhiteElo "2245"]
[BlackElo "2070"]

1.Nf3 d5 2.g3 Bf5 3.Bg2 c6 4.d3 h6 5.Nbd2 Nf6 6.O-O e6 7.Re1 Be7 8.b3 O-O
9.Bb2 a5 10.a3 Na6 11.e4 Bh7 12.Qe2 Re8 13.Rad1 Nc5 14.Ne5 Qc7 15.Qf3 Bf8
16.Qe2 Rad8 17.f4 Qb6 18.Qf2 Ncd7 19.Qxb6 Nxb6 20.Bc3 Ra8 21.a4 Nbd7 22.Ndf3 Bc5+
23.Kf1 Red8 24.Nxd7 Nxd7 25.Bh3 Bb6 26.f5 exf5 27.exf5 Re8 28.g4 Bc7 29.Rd2 Kf8
30.Rde2 Rxe2 31.Rxe2 Re8 32.Bxg7+  1-0

[Event "AUT-chT2S 9394"]
[Site "AUT"]
[Date "1994.??.??"]
[Round "?"]
[White "Hrastnik, H."]
[Black "Orgler, Philipp"]
[Result "1-0"]
[WhiteElo "2070"]
[BlackElo "2070"]

1.Nf3 d5 2.g3 c5 3.Bg2 Nc6 4.d3 Nf6 5.O-O e6 6.c3 Be7 7.Nbd2 O-O 8.Qc2 b5
9.a4 b4 10.e4 Ba6 11.c4 dxe4 12.dxe4 Qc7 13.b3 Rad8 14.Bb2 Nd4 15.Nxd4 cxd4
16.Qd3 e5 17.Rfe1 Nd7 18.h4 Nc5 19.Qf3 Bb7 20.Qe2 Qc6 21.f3 Rd6 22.Bf1 Rdd8
23.Qh2 Bd6 24.Rab1 Bc7 25.Bc1 a5 26.Re2 Nd3 27.Rg2 Nxc1 28.Rxc1 d3 29.Rd1 Rd7
30.Nb1 Qc5+ 31.Kh1 Qe3 32.Nd2 Bb6 33.g4 Bd4 34.Qg3 Rfd8 35.Qe1 Qf4 36.Qg3 Qe3
37.Qe1 Qf4 38.Qg3 Be3 39.Qxf4 exf4 40.Kh2 Kf8 41.g5 Ke7 42.Rg4 Rd6 43.Bh3 Bc8
44.Rg2 Bxh3 45.Kxh3 Kd7 46.c5 Rd4 47.Nc4 Rxc4 48.bxc4 Kc6 49.h5 d2 50.g6 fxg6
51.Rg5 b3 52.hxg6 hxg6 53.Kg4 Rb8 54.Rd5 b2 55.Rb1 Rb4 56.Kg5 d1=Q 57.Rdxd1 Kxc5
58.Rd5+ Kxc4 59.Rxa5 Kd3 60.Rb5 Rxb5+ 61.axb5 Kc2 62.Rxb2+ Kxb2 63.e5 Kc3
64.e6 Bc5 65.b6  1-0

[Event "AUT-chT2S 9394"]
[Site "AUT"]
[Date "1994.??.??"]
[Round "?"]
[White "Marangunic, Srdjan"]
[Black "Mikac, Matjaz"]
[Result "0-1"]
[WhiteElo "2460"]
[BlackElo "2395"]

1.Nf3 d5 2.g3 c6 3.Bg2 Bg4 4.O-O Nd7 5.d4 e6 6.c4 Ngf6 7.Qb3 Qb6 8.Nc3 Be7
9.Re1 O-O 10.e4 dxe4 11.Nxe4 Nxe4 12.Rxe4 Bf5 13.Re3 Bf6 14.Qd1 Rad8 15.Rb3 Qc7
16.Qe2 Bg4 17.Bf4 Qc8 18.Rd1 Nb6 19.Be3 Rd7 20.Ra3 c5 21.d5 exd5 22.cxd5 Nxd5
23.Bc1 Re8 24.Qf1 b6 25.h3 Be6 26.Ng5 Bxg5 27.Bxg5 Nb4 28.Rxd7 Qxd7 29.Kh2 a5
30.Rc3 Bxa2 31.b3 h6 32.Bc1 Qd4 33.Bb2 Qd2 34.Ba1 Re1  0-1

[Event "Bahn-chG"]
[Site "Bad Laasphe"]
[Date "1994.??.??"]
[Round "6"]
[White "Cremerius, Armin"]
[Black "Gertz, Ernst Bruno"]
[Result "0-1"]
[WhiteElo "1710"]
[BlackElo "1835"]

1.Nf3 d5 2.g3 Nf6 3.Bg2 c6 4.O-O Bf5 5.d3 Nbd7 6.b3 h6 7.Bb2 Qc7 8.Nbd2 e6
9.c4 Be7 10.Rc1 O-O 11.Qc2 a5 12.cxd5 exd5 13.h3 Rfc8 14.Nd4 Bg6 15.Nb5 Qb6
16.Nc3 Bd6 17.Kh1 Nh5 18.Bf3 Qd8 19.Rg1 Ne5 20.Bxh5 Bxh5 21.f4 Ng6 22.e4 Nxf4
23.gxf4 Qh4 24.Rg2 Bxf4 25.Nxd5 Qxh3+ 26.Kg1 cxd5  0-1

[Event "Bad Woerishofen op"]
[Site "Bad Woerishofen"]
[Date "1994.??.??"]
[Round "3"]
[White "Niermann, Michael"]
[Black "Hodgson, Julian M"]
[Result "0-1"]
[WhiteElo "2360"]
[BlackElo "2570"]

1.Nf3 d5 2.g3 Bg4 3.Bg2 Nd7 4.O-O e5 5.d3 Ngf6 6.Nbd2 Bd6 7.e4 c6 8.h3 Bh5
9.Qe1 O-O 10.Nh4 Re8 11.Nf5 Bf8 12.Nf3 a5 13.N3h4 Nc5 14.Bg5 Ne6 15.Bxf6 Qxf6
16.g4 Bg6 17.exd5 cxd5 18.Bxd5 Nf4 19.Be4 Nxh3+ 20.Kh2 Nf4 21.Rh1 Qg5 22.f3 Bc5
23.Nxg6 hxg6 24.Qh4 f6 25.Bxb7 Rab8 26.Bc6 Rec8 27.Ba4 gxf5 28.Qxg5 fxg5
29.Bb3+ Kf8 30.gxf5 Bf2 31.Raf1 Rxb3 32.cxb3 Rc2 33.Rc1 Bg3+  0-1

[Event "Baile Herculane (Women)"]
[Site "Baile Herculane"]
[Date "1994.??.??"]
[Round "6"]
[White "Uskova, Fliura"]
[Black "Mereacre, Natasa"]
[Result "1-0"]
[WhiteElo "2255"]
[BlackElo "2115"]

1.Nf3 d5 2.g3 g6 3.Bg2 Bg7 4.c4 Nf6 5.O-O O-O 6.cxd5 Nxd5 7.d4 c6 8.Nc3 Nd7
9.Bg5 N7f6 10.Ne5 Ng4 11.Nxg4 Bxg4 12.Qd2 Nb6 13.Rfd1 Qd7 14.Ne4 Rfd8 15.Qc2 Nd5
16.Nc5 Qc7 17.h3 Bc8 18.e4 Nb4 19.Qc4 a5 20.a3 Na6 21.Rac1 Qd6 22.e5 Qc7
23.b4 axb4 24.axb4 h6 25.Bf4 Qb6 26.Ra1 Nc7 27.Rxa8 Nxa8 28.e6 f5 29.Nd7 Bxd7
30.exd7+ Kh8 31.Qe6 Qxb4 32.Qxg6 Rg8 33.Qxf5  1-0

[Event "Oberliga Bayern9394"]
[Site "Bayern"]
[Date "1994.??.??"]
[Round "?"]
[White "Grundherr, Martin"]
[Black "Frieser, Klaus"]
[Result "1-0"]
[WhiteElo "2280"]
[BlackElo "2205"]

1.Nf3 d5 2.g3 c6 3.Bg2 e6 4.O-O Be7 5.d3 Nf6 6.Nbd2 O-O 7.e4 Nbd7 8.e5 Ne8
9.Re1 f6 10.exf6 Bxf6 11.Rxe6 Nc5 12.Re1 Bg4 13.h3 Bh5 14.g4 Bg6 15.Nf1 Na4
16.Rb1 Qb6 17.Be3 Qa6 18.Bd4 Bxd4 19.Nxd4 Qb6 20.Nf3 Nd6 21.Qd2 Rf6 22.Qe3 Raf8
23.Qxb6 Nxb6 24.N1d2 c5 25.Ne5 Rxf2 26.Nef3 Rxg2+ 27.Kxg2 c4 28.Ne5 Be8 29.Ndf3 Nb5
30.dxc4 dxc4 31.Rbd1 c3 32.b3 Na3 33.Re3 Nxc2 34.Rxc3 Nb4 35.Rc5 Nxa2 36.Ra1 Nb4
37.Rxa7 N6d5 38.Rxb7 Nf4+ 39.Kh2 Nbd5 40.Rc8 Ne6 41.b4 h6 42.b5 Nf6 43.b6 Ne4
44.Re7 N6c5 45.Rexe8  1-0

[Event "Oberliga Bayern9495"]
[Site "Bayern"]
[Date "1994.??.??"]
[Round "2"]
[White "Speckner, Roland"]
[Black "Bachmayr, Peter"]
[Result "1-0"]
[WhiteElo "2290"]
[BlackElo "2270"]

1.Nf3 d5 2.g3 c5 3.Bg2 Nf6 4.O-O Nc6 5.d3 e5 6.e4 dxe4 7.dxe4 Qxd1 8.Rxd1 Bg4
9.c3 Be7 10.Na3 O-O 11.h3 Bh5 12.Bg5 Rad8 13.Nc4 Nxe4 14.Bxe7 Nxe7 15.g4 Bg6
16.Nfxe5 b5 17.Na5 Nf6 18.Nb7 Rc8 19.g5 Nh5 20.Nd7 Nf4 21.Nxf8 Rxf8 22.Nxc5 Nf5
23.Kh2 f6 24.gxf6 Rxf6 25.Rd8+ Kf7 26.Rd7+ Kg8 27.Re1 h5 28.Rd8+ Kh7 29.Nd7 Ra6
30.Nf8+ Kh6 31.Nxg6 Nxg2 32.Kxg2 Rxg6+ 33.Kf3 Nh4+ 34.Ke2 Ng2 35.Rh8+  1-0

[Event "Oberliga Bayern9495"]
[Site "Bayern"]
[Date "1994.??.??"]
[Round "3"]
[White "Grundherr, Martin"]
[Black "Lentrodt, Thomas"]
[Result "1-0"]
[WhiteElo "2320"]
[BlackElo "2285"]

1.Nf3 d5 2.g3 Nf6 3.Bg2 e6 4.c4 Be7 5.O-O O-O 6.d4 c6 7.Qc2 Nbd7 8.Nbd2 b6
9.e4 dxe4 10.Nxe4 Bb7 11.Bf4 Nxe4 12.Qxe4 Nf6 13.Qe2 Bd6 14.Ne5 Rc8 15.Rad1 Qe7
16.Bg5 h6 17.Bxf6 gxf6 18.Ng4 Kg7 19.Rd3 f5 20.Ne5 Rfd8 21.Rfd1 Qc7 22.f4 Rh8
23.Qh5 Rcg8 24.c5 Bf8 25.cxb6 axb6 26.Rc3 Bb4 27.Rc4 Bd6 28.Nxc6 Qd7 29.Ne5 Qe7
30.Qxf7+ Qxf7 31.Nxf7 Bxg2 32.Nxd6 Bd5 33.Rc7+ Kf6 34.Rdc1 h5 35.Nf7 Rh7
36.Ne5 Rgg7 37.Rxg7 Rxg7 38.a3 h4 39.Rc3 h3 40.Kf2 Ra7 41.Rc8 b5 42.Rd8 Ke7
43.Rxd5  1-0

[Event "Regionalliga NO9495"]
[Site "Bayern"]
[Date "1994.??.??"]
[Round "4"]
[White "Auer, Peter"]
[Black "Schatz, Werner"]
[Result "0-1"]
[WhiteElo "2070"]
[BlackElo "2030"]

1.Nf3 d5 2.g3 Nf6 3.Bg2 g6 4.c4 c6 5.b3 Bg7 6.Bb2 O-O 7.O-O Nbd7 8.cxd5 cxd5
9.d4 b6 10.Ne5 Bb7 11.Nc3 Rc8 12.Rc1 Re8 13.Qd3 a6 14.Rfd1 e6 15.f4 Bf8 16.h3 b5
17.a3 Bd6 18.e3 Qe7 19.a4 b4 20.Ne2 Ne4 21.Rxc8 Rxc8 22.Rc1 Rxc1+ 23.Bxc1 f6
24.Ng4 h5 25.Nf2 f5 26.Qc2 Nxf2 27.Kxf2 Nf6 28.Bb2 Qc7 29.Qd3 Kf7 30.Ke1 Qc6
31.Bf3 a5 32.Nc1 Ba6 33.Qd1 Ne4 34.g4 hxg4 35.hxg4 Qc8 36.Nd3 Qh8 37.Qe2 Qh4+
38.Kd1 Bxd3  0-1

[Event "Regionalliga NW9495"]
[Site "Bayern"]
[Date "1994.??.??"]
[Round "6"]
[White "Braun, Siegmund"]
[Black "Gajdecki, Richard"]
[Result "1-0"]
[WhiteElo "1985"]
[BlackElo "2005"]

1.Nf3 d5 2.g3 c5 3.Bg2 Nc6 4.d4 e6 5.O-O Nf6 6.c4 dxc4 7.Ne5 Nxe5 8.dxe5 Qxd1
9.Rxd1 Nd7 10.f4 Rb8 11.a4 Be7 12.Na3 O-O 13.Nxc4 Rd8 14.Nd6 b6 15.Be3 Kf8
16.Bc6 Bxd6 17.Rxd6 Ke7 18.Rad1 a6 19.a5 bxa5 20.Bxc5 Ke8 21.Ba3 Rb3 22.e4 g6
23.Kf2 h5 24.f5 gxf5 25.exf5 exf5 26.Rh6 Rxa3 27.Rh8+ Ke7 28.Rxd8 Kxd8 29.bxa3 Ke7
30.Bxd7 Bxd7 31.Rd6 Bb5 32.Ke3 Bc4 33.Kf4 a4 34.Kg5 a5 35.Kxh5 Be6 36.Rb6  1-0

[Event "JUG-chT Cup"]
[Site "Becici"]
[Date "1994.??.??"]
[Round "?"]
[White "Zarkovic, Jugoslav"]
[Black "Dabetic, Radojica"]
[Result "0-1"]
[WhiteElo "2395"]
[BlackElo "2325"]

1.Nf3 d5 2.g3 c5 3.Bg2 Nc6 4.d4 e6 5.O-O Nf6 6.c4 Be7 7.Nc3 O-O 8.cxd5 exd5
9.Bg5 cxd4 10.Nxd4 h6 11.Be3 Re8 12.Nxc6 bxc6 13.Na4 Qa5 14.Rc1 Bg4 15.b3 Rac8
16.h3 Bf5 17.Bc5 Bxc5 18.Rxc5 Qb4 19.Qe1 Qb7 20.Qd2 Qd7 21.g4 Be4 22.f3 Bg6
23.e3 Qe6 24.Re1 h5 25.Ra5 hxg4 26.hxg4 Rc7 27.Qd4 Qd6 28.Kf2 Nd7 29.Nc5 Ne5
30.Rh1 Rce7 31.Rd1 Qc7 32.Ra4 f6 33.Qf4 Qb6 34.b4 Nc4  0-1

[Event "JUG-chT Cup"]
[Site "Becici"]
[Date "1994.??.??"]
[Round "?"]
[White "Zarkovic, Jugoslav"]
[Black "Cabarkapa, Velibor"]
[Result "1-0"]
[WhiteElo "2395"]
[BlackElo "2285"]

1.Nf3 d5 2.g3 Nf6 3.Bg2 Bf5 4.O-O e6 5.d3 h6 6.Nbd2 Be7 7.Qe1 Bh7 8.e4 O-O
9.Qe2 c5 10.c3 Nc6 11.Ne1 Bg6 12.h3 e5 13.f4 exf4 14.gxf4 dxe4 15.dxe4 Nh5
16.Qg4 Nf6 17.Qf3 Bh5 18.Qe3 Re8 19.e5 Nd5 20.Qe4 Nc7 21.Nb3 Bf8 22.Be3 f6
23.Nf3 fxe5 24.Nxe5 Qf6 25.Bxc5 Nxe5 26.fxe5 Bxc5+ 27.Nxc5 Qxe5 28.Rf8+  1-0

[Event "JUG-chT Cup"]
[Site "Becici"]
[Date "1994.??.??"]
[Round "?"]
[White "Nikolic, Zivoslav"]
[Black "Todorovic, Goran M"]
[Result "1/2-1/2"]
[WhiteElo "2485"]
[BlackElo "2455"]

1.Nf3 d5 2.g3 Nf6 3.Bg2 c6 4.O-O Bf5 5.d3 e6 6.Nh4 Bg4 7.h3 Bh5 8.g4 Nfd7
9.Nf3 Bg6 10.Nc3 Bd6 11.e4 O-O 12.Qe2 Qc7 13.Nh4 dxe4 14.Nxe4 Bxe4 15.Bxe4 Nc5
16.Bg2 Bh2+ 17.Kh1 Bf4  1/2-1/2

[Event "Belgrade (Women)"]
[Site "Belgrade"]
[Date "1994.??.??"]
[Round "6"]
[White "Arakhamia, Ketevan"]
[Black "Stefanova, Antoaneta"]
[Result "0-1"]
[WhiteElo "2485"]
[BlackElo "2360"]

1.Nf3 d5 2.g3 Nf6 3.Bg2 c6 4.b3 Bf5 5.Bb2 Nbd7 6.O-O e6 7.d3 h6 8.Nbd2 Qc7
9.c4 Be7 10.e4 dxe4 11.dxe4 Bh7 12.Qe2 e5 13.Ne1 O-O 14.f4 exf4 15.gxf4 Bb4
16.e5 Rfe8 17.Qd1 Bxd2 18.Qxd2 Ne4 19.Qe2 Nec5 20.Rd1 f6 21.Qf2 fxe5 22.fxe5 Re7
23.b4 Ne6 24.Nf3 Nf4 25.Qh4 Ng6 26.Qd4 Ndxe5 27.c5 Rae8 28.Qc3 Kh8 29.Rd6 Nxf3+
30.Bxf3 Re3 31.Qd4 Qe7 32.Rd7 Qg5+ 33.Bg2 Ne5 34.h4 Qg3 35.Rd8 Nf3+ 36.Rxf3 Re1+
37.Rf1 Rxf1+ 38.Kxf1 Qe1+  0-1

[Event "Berliner Sommer"]
[Site "Berlin"]
[Date "1994.??.??"]
[Round "?"]
[White "Pigusov, Evgeny"]
[Black "Korkina, Svetlana"]
[Result "1-0"]
[WhiteElo "2575"]
[BlackElo "2255"]

1.Nf3 d5 2.g3 Bg4 3.Bg2 c6 4.b3 Nd7 5.Bb2 Ngf6 6.c4 e6 7.O-O Bd6 8.d3 O-O
9.Na3 Qb8 10.Nc2 Ne5 11.Nfd4 a6 12.cxd5 Nxd5 13.h3 Bh5 14.Qd2 c5 15.Nf5 exf5
16.Bxd5 Nd7 17.f4 Nf6 18.Bxf6 gxf6 19.e4 Kh8 20.Ne3 fxe4 21.dxe4 Rg8 22.Qf2 Bxf4
23.Qxf4 Rxg3+ 24.Ng2 Qxf4 25.Rxf4 Rag8 26.e5 fxe5 27.Rf2 Rxh3 28.Bxf7 Bxf7
29.Rxf7 Rhg3 30.Rf2 e4 31.Re1 e3 32.Rc2 Rf3 33.Ree2 b6 34.Rc4 Rd8 35.Rxe3 Rd1+
36.Kh2 Rf6 37.Re8+ Kg7 38.Re7+ Kg6 39.Ne3  1-0

[Event "Berliner Sommer"]
[Site "Berlin"]
[Date "1994.??.??"]
[Round "?"]
[White "Espig, Lutz"]
[Black "Muse, Drazen"]
[Result "1-0"]
[WhiteElo "2470"]
[BlackElo "2295"]

1.Nf3 d5 2.g3 Nc6 3.c4 d4 4.Bg2 e5 5.d3 Bb4+ 6.Nbd2 a5 7.O-O Nf6 8.a3 Be7
9.b3 O-O 10.Ne1 Bf5 11.Nc2 Qd7 12.Rb1 Bh3 13.b4 axb4 14.axb4 Bxg2 15.Kxg2 b5
16.cxb5 Qd5+ 17.Kg1 Qxb5 18.Nc4 e4 19.f3 exf3 20.Rxf3 Nd5 21.Rf5 Rfd8 22.Qf1 Qa4
23.N2a3 Nc3 24.Ra1 Nxb4 25.Bd2 Nbd5 26.Qf3 Qe8 27.Rf1 Bxa3 28.Nxa3 Rxa3 29.Rxf7 Nf6
30.Rxg7+ Kxg7 31.Qxf6+ Kg8 32.Bh6 Nxe2+ 33.Kg2 Nf4+ 34.Rxf4 Ra2+ 35.Kh3 Qh5+
36.Rh4 Rxh2+ 37.Kxh2 Qe2+ 38.Kh3  1-0

[Event "Berliner Sommer"]
[Site "Berlin"]
[Date "1994.??.??"]
[Round "?"]
[White "Schulz, Karsten"]
[Black "Muse, Mladen"]
[Result "1/2-1/2"]
[WhiteElo "2330"]
[BlackElo "2455"]

1.Nf3 d5 2.g3 Nc6 3.Bg2 e5 4.d3 Nge7 5.O-O g6 6.e4 Bg7 7.Nc3 d4 8.Ne2 O-O
9.Nh4 f5 10.exf5 Nxf5 11.Nxf5 Bxf5 12.f4 Qd7 13.fxe5 Nxe5 14.Bf4 Rae8 15.Bxe5 Rxe5
16.Qd2 c6 17.Rae1 Rfe8 18.Nf4 Re3 19.b3 Qe7 20.Rxe3 dxe3 21.Qe2 Qc5 22.Bh3 Bxh3
23.Nxh3 g5 24.g4 h6 25.Kg2 Qd5+ 26.Kg1 Rf8 27.Rxf8+ Bxf8 28.Kf1 Qe5 29.Kg2 Bd6
30.Kf3 h5 31.gxh5 Qf5+ 32.Kg2 g4 33.Ng1 Qf4 34.Kh1 Kh7 35.h3 Qf2 36.hxg4 Bh2
37.Qd1 Bf4 38.Qe2 Kh6 39.g5+ Bxg5 40.Qg4 Qf7 41.Nf3 Qxh5+ 42.Qxh5+ Kxh5 43.Kg2 Bf4
44.Kf1 Kg4 45.Ke2 Kf5 46.Nh4+ Ke6 47.Ng2 Bg5 48.Nxe3 b5 49.d4 Kd6 50.Kd3 c5
51.c3 cxd4 52.cxd4 Bf4 53.Ke4 Bh2 54.Nd5 Bg3 55.Nc3 Kc6 56.Kd3 Bh4 57.Ke4 Bg3
58.Nd5 Kd6 59.Ne3 Bh2 60.Ng4 Bg3 61.Ne5 Bh2 62.Nf7+ Ke7 63.Nh6 Kd6 64.Nf5+ Kc6
65.d5+ Kc5 66.Nd4 a5 67.Nc6 Bc7 68.a3 a4 69.b4+ Kc4 70.Na7 Bb8 71.Nc6 Bc7  1/2-1/2